| 000 -LEADER |
| fixed length control field |
00942cam a2200253 i 4500 |
| 001 - CONTROL NUMBER |
| control field |
20935750 |
| 005 - DATE AND TIME OF LATEST TRANSACTION |
| control field |
20221107110239.0 |
| 008 - FIXED-LENGTH DATA ELEMENTS--GENERAL INFORMATION |
| fixed length control field |
190412s2020 caua b 001 0 eng |
| 020 ## - INTERNATIONAL STANDARD BOOK NUMBER |
| International Standard Book Number |
9781635501544x |
| 041 ## - LANGUAGE CODE |
| Language code of text/sound track or separate title |
eng |
| 080 ## - UNIVERSAL DECIMAL CLASSIFICATION NUMBER |
| Universal Decimal Classification number |
616.21 C-69 |
| 100 1# - MAIN ENTRY--PERSONAL NAME |
| Personal name |
Cole, Elizabeth Bingham |
| 9 (RLIN) |
12009 |
| 245 10 - TITLE STATEMENT |
| Title |
Children with hearing loss : |
| Remainder of title |
developing listening and talking, birth to six / |
| Statement of responsibility, etc. |
Elizabeth B. Cole, Carol Flexer. |
| 250 ## - EDITION STATEMENT |
| Edition statement |
Fourth edition. |
| 264 #1 - PRODUCTION, PUBLICATION, DISTRIBUTION, MANUFACTURE, AND COPYRIGHT NOTICE |
| Place of production, publication, distribution, manufacture |
San Diego, CA : |
| Name of producer, publisher, distributor, manufacturer |
Plural Publishing, Inc., |
| Date of production, publication, distribution, manufacture, or copyright notice |
2020. |
| 300 ## - PHYSICAL DESCRIPTION |
| Extent |
411 pages : |
| Other physical details |
illustrations ; |
| Dimensions |
26 cm. |
| 653 ## - INDEX TERM--UNCONTROLLED |
| keyword |
სმენის დაკარგვა |
| 653 ## - INDEX TERM--UNCONTROLLED |
| keyword |
Дети с потерей слуха |
| 653 ## - INDEX TERM--UNCONTROLLED |
| keyword |
ენობრივი დარღვევები |
| 653 ## - INDEX TERM--UNCONTROLLED |
| keyword |
Языковые расстройства |
| 653 ## - INDEX TERM--UNCONTROLLED |
| keyword |
Слуховые аппараты |
| 700 1# - ADDED ENTRY--PERSONAL NAME |
| Personal name |
Flexer, Carol Ann |
| Relator term |
ავტორი |
| 9 (RLIN) |
10960 |
| 942 ## - ADDED ENTRY ELEMENTS (KOHA) |
| Source of classification or shelving scheme |
|
| Koha item type |
წიგნი |